| 000 | 01907cam a2200421 4500 | ||
|---|---|---|---|
| 001 | ABS62186 | ||
| 008 | 000000n2000 000 0 eng u | ||
| 035 | _a(Sirsi) u105704 | ||
| 100 | _aStuart, P. | ||
| 245 | _aResolving power | ||
| 260 | _c2000 | ||
| 490 |
_aEstates Gazette _v(0016) 22 April 2000 134-135(2) |
||
| 520 | _aDiscusses case law where adjudication has been used to resolve construction disputes. Lists recent law cases. | ||
| 590 | _aABS | ||
| 650 | _aMANAGEMENT-DISPUTE AVOIDANCE, MANAGEMENT AND RESOLUTION-DISPUTE MANAGEMENT AND RESOLUTION-ALTERNATIVE DISPUTE RESOLUTION-ADJUDICATION | ||
| 650 | _aCONSTRUCTION DISPUTES | ||
| 650 | _aMACOB CIVIL ENGINEERING LTD V MORRISON CONSTRUCTION LTD | ||
| 650 | _aOUTWING CONSTRUCTION LTD V H RANDELL AND SONS LTD | ||
| 650 | _aA AND D MAINTENANCE AND CONSTRUCTION LTD V PAGEHURST CONSTRUCTION SERVICES LTD | ||
| 650 | _aVHE CONSTRUCTION PLC V RBSTB TRUST CO LTD | ||
| 650 | _aNORTHERN DEVELOPMENTS (CUMBRIA) LTD V J & J NICHOL | ||
| 650 | _aBOUYGUES UK LTD V DAHL-JENSEN UK LTD | ||
| 650 | _aPROJECT CONSULTANCY GROUP V TRUSTEES OF THE GRAY TRUST | ||
| 650 | _aGROVEDECK LTD V CAPITAL DEMOLITION LTD | ||
| 650 | _aLATHOM CONSTRUCTION LTD V CROSS | ||
| 650 | _aFW COOK LTD V SHIMIZU (UK) LTD | ||
| 650 | _aPALMERS LTD V A B B POWER CONSTRUCTION LTD | ||
| 650 | _aA STRAUME (UK) V BRADLOR DEVELOPMENTS | ||
| 650 | _aALLIED LONDON AND SCOTTISH PLC V RIVERBRAE CONSTRUCTION LTD | ||
| 650 | _aRENTOKIL AILSA ENVIRONMENTAL LTD V EASTEND CIVIL ENGINEERING LTD | ||
| 650 | _aHOMER BURGESS LTD V CHIREX (ANNAN) LTD | ||
| 650 | _aSHERWOOD & CASSON LTD MACKENZIE ENGINEERING LTD | ||
| 650 | _aFASTRACK CONTRACTORS LTD V MORRISON CONSTRUCTION | ||
| 650 | _aWORKPLACE TECHNOLOGIES PLC V E SQUARED LTD | ||
| 650 | _aJOHN COTHLIFF LTD V ALLEN BUILD (NORTHWEST) | ||
| 690 |
_aDispute resolution _96236 |
||
| 942 | _n0 | ||
| 999 |
_c63303 _d63303 |
||